|
|
|
|
| LEADER |
00000cam a2200000 4500 |
| 001 |
vtls011985081 |
| 003 |
SK-MaSNL |
| 005 |
20260331212322.0 |
| 008 |
230501s2019 xo o grbn 000 0 slo |
| 015 |
|
|
|a SNBA2021/06
|
| 015 |
|
|
|a SNBSAB2019
|
| 020 |
|
|
|q (brožované)
|
| 035 |
|
|
|a urn:nbn:sk:snk-am00ibaa
|
| 035 |
|
|
|a EE73D2AD-5B29-446A-9A2B-355E87D7970B
|
| 040 |
|
|
|a SNK
|b slo
|c SNK
|e rda
|
| 041 |
0 |
|
|a slo
|
| 044 |
|
|
|a xo
|c SK
|
| 072 |
|
7 |
|a 01
|x Bibliografia. Katalógy
|2 konspekt
|
| 080 |
|
|
|a 821.162.4-055.2
|2 2011
|
| 080 |
|
|
|a 012
|2 2011
|
| 100 |
1 |
|
|a Uríková, Ivana,
|d 1970-
|4 com
|9 229693
|
| 245 |
1 |
0 |
|a Karin Lászlová
|b spisovateľka a novinárka, *18.2.1922 Varín, †10.1.2014 Leoben, Rakúsko : bibliografický leták
|c zost.: Ivana Uríková
|
| 264 |
|
1 |
|a Žilina
|b Krajská knižnica v Žiline
|c 2019
|
| 300 |
|
|
|a 1 zložený list (6 nečíslovaných strán)
|b fotografie
|c 22 cm
|
| 336 |
|
|
|a text
|b txt
|2 rdacontent
|
| 337 |
|
|
|a bez média
|b n
|2 rdamedia
|
| 338 |
|
|
|a list
|b nb
|2 rdacarrier
|
| 366 |
|
|
|e 50 kusov
|
| 500 |
|
|
|a Bibliografický leták pri príležitosti 5. výročia úmrtia
|
| 504 |
|
|
|a Obsahuje 30 záznamov ; bibliografiu
|
| 650 |
0 |
7 |
|a slovenské spisovateľky
|2 SNKPH
|9 66576
|
| 650 |
0 |
7 |
|a Slovak women authors
|2 SNKPHeng
|9 323638
|
| 655 |
|
7 |
|a personálne bibliografie
|2 SNKPH
|9 70198
|
| 655 |
|
7 |
|a Personal bibliography
|2 SNKPHeng
|9 300650
|
| 852 |
|
|
|a Slovenská národná knižnica
|
| 954 |
|
|
|a odborná, vedecká literatúra pôvodná (slovenská)
|2 lita
|
| 958 |
|
|
|a NB
|
| 958 |
|
|
|a PB
|
| 999 |
|
|
|c 608964
|d 610894
|
| 952 |
|
|
|a SNK
|b SNK
|y PREZ
|7 0
|p 17A1429329
|o snkOSC 29114
|i snk2020/13647
|8 0
|0 0
|1 0
|4 0
|d 2020-08-03
|f 1
|l 0
|r 2026-02-23 16:18:05
|w 2026-02-23
|
| 952 |
|
|
|a SNK
|b SNK
|y PREZ
|7 0
|p 17A1429330
|o snkOSC 29114 D1
|i snk2020/13648
|8 0
|0 0
|1 0
|4 0
|d 2020-08-03
|l 0
|r 2026-02-23 16:18:05
|w 2026-02-23
|